000 00696nam a2200241Ia 4500
003 OSt
005 20220918223338.0
006 a|||||r|||| 00| 0
007 ta
008 220917b |||||||| |||| 00| 0 eng d
024 _a222,033
037 _cTextual
040 _aARTS
_cARTS
_beng
041 _2eng
_aeng
082 _aO111,3wN, P1
100 _aSutherland John
_915968
245 0 _aLiterary lives
_b Intimate biographies of the famous by the famous
260 _aNew York
_bOxford Univ. press
_c2001
300 _axx, 368p
_ccm.
650 _aBIOGRAPHY; ENGLISH LITERATURE
_92328
942 _hO111,3wN, P1
_cTEXL
_2CC
999 _c278221
_d278221